| 000 | 00481nam a2200181Ia 4500 | ||
|---|---|---|---|
| 005 | 20250326125619.0 | ||
| 008 | 250326s9999 xx 000 0 und d | ||
| 037 | _aTextbook | ||
| 040 |
_aFMSL _beng _cFMSL |
||
| 041 |
_aeng _2eng |
||
| 084 |
_aX615 K9;1 _qFMSL |
||
| 100 | _aCooper R N | ||
| 245 | 0 |
_aMoney international _cCooper R N |
|
| 260 |
_aEngland _bEngland, Penguin Books _c1969 |
||
| 300 | _a624p | ||
| 942 |
_cTB _hX615 K9;1 |
||
| 999 |
_c1278800 _d1278800 |
||